000 00540nam a2200169 a 4500
001 000034541
005 20200930073745.0
008 111006s1940 cu 000 0 spa d
040 _aDO-SdBNP
_bspa
_cBNPHU
082 _axxxx
_bR444
111 2 _aReunión Interamericana del Caribe
_n(2da :
_d1940, mayo 31-jun 6
_cCiudad Trujillo)
_959976
245 1 0 _aMemoria.
260 _aLa Habana :
_bSecretaría General,
_c[1940].
300 _a204 p. ;
_c23 cm.
500 _aA la cabaza de título : Unión Interamericana del Caribe
049 _aBNPD
999 _c34032
_d34032